Adding insulation to solid floors actually increases emissions and costs (Record no. 76534)

MARC details
000 -LEADER
fixed length control field 01116cab a2200205 4500
001 - CONTROL NUMBER
control field ##L132629
008 - FIXED-LENGTH DATA ELEMENTS--GENERAL INFORMATION
fixed length control field 060223n2006 000 0 eng u
035 ## - SYSTEM CONTROL NUMBER
System control number (Sirsi) u132629
041 0# - LANGUAGE CODE
Language code of text/sound track or separate title eng
100 1# - MAIN ENTRY--PERSONAL NAME
Personal name George, Mike
245 00 - TITLE STATEMENT
Title Adding insulation to solid floors actually increases emissions and costs
260 ## - PUBLICATION, DISTRIBUTION, ETC.
Date of publication, distribution, etc. 2006
490 #0 - SERIES STATEMENT
Series statement Architects' Journal
Volume/sequential designation 223(5) 9 February 2006, 38-39(2)
520 ## - SUMMARY, ETC.
Summary, etc. Recent tests have shown that solid-floor insulation increases emissions and fuel costs, because the ability of the ground to act as a heat store is compromised if the thickness of insulation becomes too great. Cavity-wall and loft insulation also become less effective once insulation exceeds a certain thickness. Other methods of reducing emissions and fuel costs, such as improved boiler efficiency, passive solar techniques, and air infiltration, are likely to be more effective in new housing. Tables and bar charts.
590 ## - LOCAL NOTE (RLIN)
Local note IKA280206
690 ## - LOCAL SUBJECT ADDED ENTRY--TOPICAL TERM (OCLC, RLIN)
Topical term or geographic name as entry element ENVIRONMENTAL AND LAND CONSULTANCY-ENERGY-ENERGY USE-ENERGY EFFICIENCY
700 1# - ADDED ENTRY--PERSONAL NAME
Personal name Gough, Tim
700 1# - ADDED ENTRY--PERSONAL NAME
Personal name Geens, Andrew
942 ## - ADDED ENTRY ELEMENTS (KOHA)
Suppress in OPAC 0
Holdings
Withdrawn status Lost status Source of classification or shelving scheme Damaged status Not for loan Home library Current library Shelving location Date acquired Total Checkouts Full call number Barcode Date last seen Copy number Price effective from Koha item type
    Dewey Decimal Classification     London London Journal article 23/02/2006   L132629 132629-1001 06/08/2019 1 06/08/2019 Journal article